Prime London prices rise for fifth month leading to sales volume boom (Record no. 81795)
[ view plain ]
| 000 -LEADER | |
|---|---|
| fixed length control field | 01287cab a22002295a 4500 |
| 001 - CONTROL NUMBER | |
| control field | L148335 |
| 008 - FIXED-LENGTH DATA ELEMENTS--GENERAL INFORMATION | |
| fixed length control field | 090907s2009 xxkd f s 000 0 eng d |
| 035 ## - SYSTEM CONTROL NUMBER | |
| System control number | (Sirsi) u148335 |
| 041 0# - LANGUAGE CODE | |
| Language code of text/sound track or separate title | eng |
| 110 2# - MAIN ENTRY--CORPORATE NAME | |
| Corporate name or jurisdiction name as entry element | Knight Frank |
| 9 (RLIN) | 1530 |
| 245 00 - TITLE STATEMENT | |
| Title | Prime London prices rise for fifth month leading to sales volume boom |
| Medium | [electronic resource] |
| 260 ## - PUBLICATION, DISTRIBUTION, ETC. | |
| Date of publication, distribution, etc. | 2009 |
| 490 #0 - SERIES STATEMENT | |
| Series statement | Knight Frank Prime Central London Residential Index |
| Volume/sequential designation | (09pr387) August 2009 |
| 520 ## - SUMMARY, ETC. | |
| Summary, etc. | Presents August 2009 results of the Knight Frank Prime Central London Residential Index survey. Reports an increase of 1% for the fifth consecutive month in prices for residential properties in Central London. Suggests that sales volume has increased by 90% since January 2008 and by 234% compared with August 2008. Areas where prices increased the most are Chelsea, Kensington and St John's Wood. |
| 521 ## - TARGET AUDIENCE NOTE | |
| Target audience note | Advanced |
| 590 ## - LOCAL NOTE (RLIN) | |
| Local note | KA NTK |
| 650 24 - SUBJECT ADDED ENTRY--TOPICAL TERM | |
| Topical term or geographic name entry element | KNIGHT FRANK PRIME CENTRAL LONDON RESIDENTIAL INDEX |
| 651 #4 - SUBJECT ADDED ENTRY--GEOGRAPHIC NAME | |
| Geographic name | United Kingdom |
| Chronological subdivision | |
| 690 ## - LOCAL SUBJECT ADDED ENTRY--TOPICAL TERM (OCLC, RLIN) | |
| Topical term or geographic name as entry element | PROPERTY-RESIDENTIAL PROPERTY-RESIDENTIAL PROPERTY MARKET |
| 856 40 - ELECTRONIC LOCATION AND ACCESS | |
| Uniform Resource Identifier | <a href="https://www.knightfrank.co.uk/news/Prime-London-prices-rise-for-fifth-month-leading-to-sales-volume-boom-048.aspx">https://www.knightfrank.co.uk/news/Prime-London-prices-rise-for-fifth-month-leading-to-sales-volume-boom-048.aspx</a> |
| Public note | View the news release free of charge at www.knightfrank.co.uk... |
| 942 ## - ADDED ENTRY ELEMENTS (KOHA) | |
| Suppress in OPAC | 0 |
| Withdrawn status | Lost status | Source of classification or shelving scheme | Damaged status | Not for loan | Home library | Current library | Shelving location | Date acquired | Total Checkouts | Full call number | Barcode | Date last seen | Copy number | Price effective from | Koha item type |
|---|---|---|---|---|---|---|---|---|---|---|---|---|---|---|---|
| Dewey Decimal Classification | Virtual | Virtual | Online | 07/09/2009 | ONLINE PUBLICATION | 148335-2001 | 06/08/2019 | 1 | 06/08/2019 | Journal article |